Distributed System: Concepts and Design (Record no. 129)

MARC details
000 -LEADER
Fixed length control field 00485nam a2200193 4500
003 - CONTROL NUMBER IDENTIFIER
Control field SEACOMMC
005 - DATE AND TIME OF LATEST TRANSACTION
Control field 20231011062639.0
008 - FIXED-LENGTH DATA ELEMENTS--GENERAL INFORMATION
Fixed length control field 231011b |||||||| |||| 00| 0 eng d
020 ## - INTERNATIONAL STANDARD BOOK NUMBER / ISBN
Price 425.00
040 ## - CATALOGING SOURCE
Original cataloging agency SEACOMMC
082 ## - DEWEY DECIMAL CLASSIFICATION NUMBER
Classification number 005.43
Book Number DIS
100 ## - MAIN ENTRY--PERSONAL NAME
Personal name Coulouris,GorgeDollimore
245 ## - TITLE STATEMENT
Title Distributed System: Concepts and Design
250 ## - EDITION STATEMENT
Edition statement 3 rd ed
260 ## - IMPRINT
Place of publication Delhi
Name of publisher Pearson
Date of publication 2006
650 ## - SUBJECT ADDED ENTRY--TOPICAL TERM
Topical term Database Systems Management
700 ## - ADDED ENTRY--PERSONAL NAME
Personal name Tim Ram Kinberg
942 ## - ADDED ENTRY ELEMENTS (KOHA)
Koha item type Books
Holdings
Withdrawn status Lost status Source of classification Damaged status Not for loan Home library Current library Date acquired Total Checkouts Call number Accession number Date last seen Copy number Price effective from Koha item type
    Dewey Decimal Classification     SEACOM MANAGEMENT COLLEGE SEACOM MANAGEMENT COLLEGE 11/10/2023   005.43 DIS 164 11/10/2023 4 11/10/2023 Books
    Dewey Decimal Classification     SEACOM MANAGEMENT COLLEGE SEACOM MANAGEMENT COLLEGE 11/10/2023   005.43 DIS 165 11/10/2023 5 11/10/2023 Books
    Dewey Decimal Classification     SEACOM MANAGEMENT COLLEGE SEACOM MANAGEMENT COLLEGE 11/10/2023   005.43 DIS 166 11/10/2023 6 11/10/2023 Books
    Dewey Decimal Classification     SEACOM MANAGEMENT COLLEGE SEACOM MANAGEMENT COLLEGE 11/10/2023   005.43 DIS 167 11/10/2023 7 11/10/2023 Books
© Seacom Engineering College, All rights reserved.    Powered by Koha